| 000 | 01549cam a2200241 4500 | ||
|---|---|---|---|
| 001 | ABS63304 | ||
| 008 | 000000n2000 000 0 eng u | ||
| 035 | _a(Sirsi) u110312 | ||
| 100 | _aWestcott, F | ||
| 245 | 4 | _aThe assessment of 'environmental abnormal costs' during the conveyancing of brownfield land | |
| 260 | _c2000 | ||
| 490 |
_aLand Contamination & Reclamation _v8(4) 2000, 323-332(10) |
||
| 520 | _aDiscusses the estimation of environmental abnormal costs in order to derive values for brownfield land in conveyancing. Describes the situation in terms of the legislative framework established by the Environmental Protection Act 1990. Refers specifically to the assessment of these costs and, whilst this is set in the context of the land valuation process as a whole, land valuation issues, which are within the professional discipline of chartered surveyors, are not addressed in detail. The paper does not consider in detail the issue of non-environmental abnormal costs. It is not possible to derive an approach which completely eliminates commercial risk but the paper puts forward a generic approach based on management of commercial risk, which is considered to represent professional good practice in the estimation of abnormal cost. Journal abstract. References. | ||
| 590 | _aABS | ||
| 650 | _aBROWNFIELD DEVELOPMENT | ||
| 650 | _aREMEDIATION | ||
| 650 | _aCONVEYANCING | ||
| 650 | _aVALUATION ISSUES | ||
| 650 | _aLAND MARKETS | ||
| 650 | _aCLEAN-UP COSTS | ||
| 690 | _aENVIRONMENT-CONTAMINATION | ||
| 942 | _n0 | ||
| 999 |
_c65785 _d65785 |
||